|
|
|
|
| LEADER |
00820cam a2200217 7i4500 |
| 001 |
0000003571 |
| 005 |
20170218090000.0 |
| 020 |
|
|
|a 0201674912 (pbk.)
|
| 020 |
|
|
|a 9780201674910
|
| 090 |
0 |
0 |
|a QA76.73.J38
|b R67 2000
|
| 100 |
1 |
|
|a Rossbach, Peter
|
| 245 |
1 |
0 |
|a Java server and servlets :
|b building portable web applications
|c Peter Rossbach and Hendrik Schreiber.
|
| 260 |
|
|
|a Harlow, England:
|b Addison-Wesley,
|c 2000.
|
| 300 |
|
|
|a xiv, 429 p.:
|b ill.;
|c 24 cm.
|
| 504 |
|
|
|a Includes bibliographical references and index
|
| 650 |
0 |
0 |
|a Web servers
|
| 650 |
0 |
0 |
|a Servlets (Computer programs)
|
| 650 |
0 |
0 |
|a Java (Computer program language)
|
| 700 |
1 |
|
|a Schreiber, Hendrik
|
| 997 |
|
|
|a Communication, Visual Art & Computing, Faculty
|b Computing, Department
|
| 999 |
|
|
|a 0000002137
|b BOK
|c OPEN SHELF
|e 2nd Floor, Bestari Jaya
|